000 00497cam a2200181 4500
001 D6421
008 090401t1975 xxu||||| |||| 00| 0 eng d
035 _a(Sirsi) u751
041 _aeng
050 _a346.4104344
100 _aLach, J.V.
245 _aGuidance notes on the private housing sector sections of the Housing Rents and Subsidies Act 1975
260 _aChelmsford
_bInstitute of Rent Officers
_c1975
300 _a12p. 30cm
350 _a1.25
942 _n0
948 _c04/03/1997
999 _c85589
_d85589